Rāh-i ʻamal. (Record no. 542183)

000 -LEADER
fixed length control field 00479cam a22001691 4500
082 ## - DEWEY DECIMAL CLASSIFICATION NUMBER
Classification number 297.09
Author Mark NAD
-- L-31,P-9
100 1# - MAIN ENTRY--PERSONAL NAME
Personal name Nadvī, Jalīl Aḥsan.
9 (RLIN) 37274
245 10 - TITLE STATEMENT
Title Rāh-i ʻamal.
260 ## - PUBLICATION, DISTRIBUTION, ETC.
Date of publication, distribution, etc. 1983
Place of publication, distribution, etc. Lahore.
Name of publisher, distributor, etc. Islamic publications
300 ## - PHYSICAL DESCRIPTION
Extent 453 p.
Dimensions 19 cm.
500 ## - GENERAL NOTE
General note Romanized.
526 ## - STUDY PROGRAM INFORMATION NOTE
Program name 0
Interest level 0
Reading level 0
Title point value 297_090000000000000_NAD
650 #0 - SUBJECT ADDED ENTRY--TOPICAL TERM
Topical term or geographic name entry element Hadith
General subdivision Criticism, interpretation, etc.
9 (RLIN) 37275
650 #0 - SUBJECT ADDED ENTRY--TOPICAL TERM
Topical term or geographic name entry element MCE
9 (RLIN) 379
700 0# - ADDED ENTRY--PERSONAL NAME
Personal name Muḥammad,
9 (RLIN) 25668
942 ## - ADDED ENTRY ELEMENTS (KOHA)
Source of classification or shelving scheme
Koha item type Book
Holdings
Withdrawn status Lost status Source of classification or shelving scheme Damaged status Not for loan Permanent Location Current Location Date acquired Total Checkouts Full call number Barcode Date last seen Price effective from Koha item type
          Military College of Engineering (MCE) Military College of Engineering (MCE) 09/25/2013   297.09 NAD MCE-9791 09/25/2013 09/25/2013 Book
© 2023 Central Library, National University of Sciences and Technology. All Rights Reserved.